Naapurimaita vai ei? - Statistics

Yleistilastot
  • Tätä visaa on pelattu 2 299 kertaa
  • Keskiarvotulos 13 / 16
Vastaustilastot
Kysymys Vastaus % Oikein
Meksiko - Yhdysvallat Kyllä
98%
Norja - Puola Ei
94%
Venäjä - Kiina Kyllä
90%
Viro - Liettua Ei
87%
Oman - Jemen Kyllä
86%
Kiina - Etelä-Korea Ei
84%
Egypti - Kenia Ei
83%
Etelä-Afrikka - Kongon tasavalta Ei
82%
Brasilia - Venezuela Kyllä
82%
Ranska - Italia Kyllä
80%
Kreikka - Albania Kyllä
75%
Indonesia - Papua-Uusi-Guinea Kyllä
73%
Haiti - Dominikaaninen tasavalta Kyllä
71%
Vietnam - Malesia Ei
67%
Bangladesh - Pakistan Ei
65%
Panama - Guatemala Ei
61%
Ehtoja vastaavia visoja ei löytynyt
Tulosjakauma
Jokaisen tuloksen saaneiden osuus
Persentiili vastausten määrän mukaan
Tuloshistoriasi
Et ole pelannut tätä visaa